[Event "Challenge"]
[Site "http://www.queenalice.com/game.php?id=91249"]
[Date "2006.7.31"]
[Round "-"]
[White "Guilhermechess"]
[Black "vagnerpirai"]
[Result "1-0"]
[WhiteElo "1349"]
[BlackElo "1678"]

1. e4 c6 2. d4 d5 3. exd5 cxd5 4. c4 Bf5 5. Nc3 e6 6. Bf4 Bd6 7. Bxd6 Qxd6 8.
Nf3 dxc4 9. Bxc4 Bg4 10. d5 exd5 11. Qxd5 Qe7+ 12. Qe4 Bxf3 13. gxf3 Nc6 14. Nd5
Qxe4+ 15. fxe4 O-O-O 16. O-O-O f6 17. Nf4 Nge7 18. Ne6 Rxd1+ 19. Rxd1 g6 20. Nc5
Ne5 21. Be6+ Kb8 22. Nd7+ Nxd7 23. Rxd7 Nc6 24. Bd5 a6 25. Bxc6 bxc6 26. Rf7 Re8
27. f3 Re6 28. Rxh7 Re5 29. Rf7 f5 30. exf5 gxf5 31. h4 a5 32. h5 f4 33. h6 Rh5
34. h7 1-0

[Event "AUTO-INT-124"]
[Site "http://www.queenalice.com/game.php?id=91585"]
[Date "2006.8.1"]
[Round "1"]
[White "Guilhermechess"]
[Black "Psic00l"]
[Result "1-0"]
[WhiteElo "1309"]
[BlackElo "1625"]

1. e4 e5 2. Nf3 Nf6 3. Nxe5 Nxe4 4. Qe2 d5 5. d3 Qf6 6. dxe4 Qxe5 7. exd5 Qxe2+
8. Bxe2 Bd6 9. O-O O-O 10. Be3 Re8 11. c4 c5 12. Nc3 Bf5 13. Nb5 Rd8 14. Nxd6
Rxd6 15. Bxc5 Rd8 16. Rfe1 Nd7 17. Be3 Re8 18. b3 1-0

[Event "AUTO-INT-124"]
[Site "http://www.queenalice.com/game.php?id=91586"]
[Date "2006.8.1"]
[Round "1"]
[White "Psic00l"]
[Black "Guilhermechess"]
[Result "0-1"]
[WhiteElo "1516"]
[BlackElo "1358"]

1. e4 c5 2. Nf3 d6 3. Bc4 Nc6 4. Ng5 e6 5. d3 Be7 6. Nf3 Nf6 7. O-O O-O 8. h3 a6
9. a4 d5 10. exd5 exd5 11. Bb3 Be6 12. Re1 b5 13. axb5 axb5 14. Rxa8 Qxa8 15.
Bf4 c4 16. dxc4 bxc4 17. Bxc4 dxc4 18. Ne5 Nxe5 19. Bxe5 Rd8 20. Bd4 Qd5 21. c3
Ne4 0-1

[Event "AUTO-OPEN-370"]
[Site "http://www.queenalice.com/game.php?id=100042"]
[Date "2006.8.27"]
[Round "1"]
[White "Scardini"]
[Black "Guilhermechess"]
[Result "1-0"]
[WhiteElo "2189"]
[BlackElo "1381"]

1. e4 c5 2. Nf3 d6 3. d4 cxd4 4. Nxd4 Nf6 5. Nc3 a6 6. Bg5 e6 7. f4 Be7 8. Qf3
h6 9. Bh4 Nc6 10. O-O-O Qb6 11. Nxc6 bxc6 12. e5 dxe5 13. fxe5 Nd5 14. Bxe7 Nxe7
15. Ne4 O-O 16. Nd6 Rb8 17. Nc4 Qb4 18. a3 Qc5 19. Bd3 Nd5 20. Rhf1 Bd7 21. Qe4
g6 22. Rd2 Ne7 23. Qh4 h5 24. b4 Qd5 25. Qxe7 c5 26. Bxg6 1-0

[Event "AUTO-OPEN-370"]
[Site "http://www.queenalice.com/game.php?id=100043"]
[Date "2006.8.27"]
[Round "1"]
[White "Guilhermechess"]
[Black "Scardini"]
[Result "0-1"]
[WhiteElo "1254"]
[BlackElo "2199"]

1. e4 e5 2. Nf3 Nc6 3. Bc4 Nf6 4. Ng5 Bc5 5. Nxf7 Bxf2+ 6. Kf1 Qe7 7. Nxh8 d5 8.
Bb5 Bb6 9. exd5 Qc5 10. Bxc6+ bxc6 11. Qe2 Bg4 12. Qxe5+ Kf8 13. Qf4 Qxc2 14.
Qb4+ Kg8 15. g3 Qd1+ 0-1

[Event "AUTO-OPEN-370"]
[Site "http://www.queenalice.com/game.php?id=100070"]
[Date "2006.8.27"]
[Round "1"]
[White "Lightningzap007"]
[Black "Guilhermechess"]
[Result "0-1"]
[WhiteElo "1568"]
[BlackElo "1405"]

1. d4 Nf6 2. c4 g6 3. Nc3 d5 4. cxd5 Nxd5 5. e4 Nxc3 6. bxc3 Bg7 7. f4 c5 8. Nf3
Nc6 9. Bb2 cxd4 10. cxd4 Bg4 11. Bb5 Qa5+ 0-1

[Event "AUTO-OPEN-370"]
[Site "http://www.queenalice.com/game.php?id=100071"]
[Date "2006.8.27"]
[Round "1"]
[White "Guilhermechess"]
[Black "Lightningzap007"]
[Result "1-0"]
[WhiteElo "1380"]
[BlackElo "1593"]

1. e4 e5 2. Nf3 Nc6 3. Bc4 Bc5 4. c3 Nf6 5. b4 Bb6 6. d3 a6 7. Qb3 O-O 8. Be3
Bxe3 9. fxe3 d6 10. O-O Qe7 11. Nbd2 1-0

[Event "AUTO-OPEN-370"]
[Site "http://www.queenalice.com/game.php?id=100088"]
[Date "2006.8.27"]
[Round "1"]
[White "paulove"]
[Black "Guilhermechess"]
[Result "1-0"]
[WhiteElo "1760"]
[BlackElo "1428"]

1. c4 e5 2. e4 Nf6 3. Nc3 Nc6 4. Nge2 d6 5. g3 Bg4 6. Bg2 Bxe2 7. Nxe2 Be7 8.
O-O O-O 9. f4 exf4 10. Nxf4 Ne5 11. d3 c6 12. b3 Qc7 13. Kh1 Rad8 14. d4 Ned7
15. Bb2 Nb6 16. Qe2 c5 17. d5 Rfe8 18. Qd3 Nbd7 19. Rae1 Ng4 20. h3 Nge5 21.
Bxe5 Nxe5 22. Qc2 Bg5 23. h4 Bf6 24. Nd3 Qe7 25. Nxe5 Bxe5 26. Qd3 Bd4 27. b4 b6
28. a3 Rb8 29. a4 Be5 30. b5 Bd4 31. Kh2 Be5 32. Kh3 Qd7+ 33. Kh2 Qe7 34. Kh3
Qd7+ 35. g4 Qe7 36. Rf5 Ra8 37. Bf1 Bf6 38. Qg3 Be5 39. Qg2 1-0

[Event "AUTO-OPEN-370"]
[Site "http://www.queenalice.com/game.php?id=100089"]
[Date "2006.8.27"]
[Round "1"]
[White "Guilhermechess"]
[Black "paulove"]
[Result "0-1"]
[WhiteElo "1360"]
[BlackElo "1743"]

1. e4 c5 2. Nf3 Nc6 3. d4 cxd4 4. Nxd4 e6 5. Nc3 Bb4 6. Nb5 a6 7. Nd6+ Bxd6 8.
Qxd6 Qe7 9. Bf4 Qxd6 10. Bxd6 Nge7 11. Bxe7 Kxe7 12. Bc4 b5 13. Bd3 Bb7 14. O-O
d6 15. Rad1 Rac8 16. a3 Ne5 17. f4 Nc4 18. Bxc4 Rxc4 19. Rfe1 Rd8 20. f5 e5 21.
Re2 f6 22. Nd5+ Bxd5 23. Rxd5 Rdc8 24. c3 R8c5 25. Rxc5 dxc5 26. Kf2 b4 27. cxb4
cxb4 28. axb4 Rxb4 29. Kf3 h5 30. Rc2 Rb3+ 31. Ke2 a5 0-1

[Event "AUTO-INT-201"]
[Site "http://www.queenalice.com/game.php?id=114844"]
[Date "2006.10.8"]
[Round "1"]
[White "CampbellMarcel"]
[Black "Guilhermechess"]
[Result "1-0"]
[WhiteElo "1765"]
[BlackElo "1425"]

1. d4 Nf6 2. c4 g6 3. Qb3 Bg7 4. e3 d5 5. cxd5 Qxd5 6. Bc4 Qxg2 7. Bxf7+ Kf8 8.
Bd5 Nxd5 9. Nc3 Nxc3 10. Qxc3 Qxh1 11. Kf1 Bh3+ 12. Ke2 1-0